| Поле | Название | Значение |
| |
Тип записи |
i |
| |
Библиографический уровень |
m |
| 001 |
Контрольный номер |
RU/IS/BASE/551184473 |
| 005 |
Дата корректировки |
20250217143324.2 |
| 010 |
Индекс ISBN |
__ |
| d |
Цена |
261-02 |
| 100 |
Данные общей обработки |
__ |
| a |
Данные общей обработки |
19170619d20111975||| 0rusy0189 ca |
| 101 |
Язык документа |
0_ |
| a |
Язык текста |
rus |
| 102 |
Страна публикации |
__ |
| a |
Страна публикации |
ru| |
| 105 |
Кодированные данные (монография) |
__ |
| a |
Кодированные данные (монография) |
nn|||||||s|zy |
| 127 |
Кодированные данные (звукозаписи-физические характеристики) |
__ |
| a |
Продолжительность проигрывания |
02 ч 35 мин |
| 200 |
Заглавие и сведения об ответственности |
1_ |
| a |
Заглавие |
Продавец дождя |
| e |
Сведения, относящиеся к заглавию |
радиокомпозиция спектакля Московского драматического театра им. К. С. Станиславского : [12+] |
| f |
Первые сведения об ответственности |
Ричард Нэш ; [постановка Л. Варпаховского ; действующие лица и исполнители: Борис Лифанов и др.] |
| b |
Общее обозначение материала |
Звукозапись |
| 210 |
Выходные данные |
1_ |
| a |
Место издания |
Москва |
| c |
Издательство |
Звуковая книга |
| d |
Дата издания |
2011 |
| 215 |
Физическое описание |
__ |
| a |
Объем |
1 электрон. опт. диск (Audio CD) |
| c |
Иллюстрации/тип воспроизводства |
mp3 |
| d |
Формат |
12х14 см |
| 225 |
Серия |
2_ |
| a |
Серия |
Из архива Гостелерадиофонда |
| 230 |
Специфическая характеристика материала: электронные ресурсы |
__ |
| a |
Обозначение и объем ресурса |
Электронные звуковые данные |
| 300 |
Общие примечания |
__ |
| a |
Общие примечания |
Запись 1975 г. |
| a |
Общие примечания |
Из цикла радиопередач "Театр у микрофона" |
| 300 |
Общие примечания |
__ |
| a |
Общие примечания |
Заглавие с этикетки диска |
| 323 |
Примечание о главных создателях, исполнителях, участниках |
__ |
| a |
Примечание о главных создателях, исполнителях, участниках |
Лифанов, Б. (Карри) |
| 323 |
Примечание о главных создателях, исполнителях, участниках |
__ |
| a |
Примечание о главных создателях, исполнителях, участниках |
Гаврилов, Д. (Ной) |
| 323 |
Примечание о главных создателях, исполнителях, участниках |
__ |
| a |
Примечание о главных создателях, исполнителях, участниках |
Полякова, Л. (Лиззи) |
| 323 |
Примечание о главных создателях, исполнителях, участниках |
__ |
| a |
Примечание о главных создателях, исполнителях, участниках |
Бочкарев, В. (Джим) |
| 323 |
Примечание о главных создателях, исполнителях, участниках |
__ |
| a |
Примечание о главных создателях, исполнителях, участниках |
Ляхницкий, С. (Томас, шериф) |
| 323 |
Примечание о главных создателях, исполнителях, участниках |
__ |
| a |
Примечание о главных создателях, исполнителях, участниках |
Виторган, Э. (Файл, помощник щерифа) |
| 323 |
Примечание о главных создателях, исполнителях, участниках |
__ |
| a |
Примечание о главных создателях, исполнителях, участниках |
Анисько, В. (Билл Старбак) |
| 330 |
Аннотация |
__ |
| a |
Аннотация |
В доме фермера Карри в самый разгар страшной засухи появляется человек по имени Билл Старбак, предлагающий "продать" столь необходимый всем дождь. Единственное условие, которое выдвигает Старбак, - верить в возможность чуда. Несколько часов проведенных со Старбаком, приносят семейству Карри счастье. Наконец-то идет дождь... |
| 333 |
Примечание о целевом назначении |
__ |
| a |
Примечание о целевом назначении |
12+. Для детей старше 12 лет |
| 337 |
Примечание о системных требованиях (электронные ресурсы) |
__ |
| a |
Примечание о системных требованиях (электронные ресурсы) |
Системные требования: CD-плеер с поддержкой MP3 или Pentium-233 с Windows XP-7,8 ; CD-ROM ; звуковая карта |
| 606 |
Тематические рубрики |
__ |
| a |
Основная рубрика |
Музыка и зрелищные искусства |
| 606 |
Тематические рубрики |
__ |
| a |
Основная рубрика |
Художественное радиовещание |
| 606 |
Тематические рубрики |
__ |
| a |
Основная рубрика |
Художественная литература |
| 606 |
Тематические рубрики |
__ |
| a |
Основная рубрика |
Литература Америки (произведения) |
| y |
Географическая подрубрика |
США |
| 610 |
Ключевые слова |
0_ |
| a |
Ключевые слова |
американская литература |
| a |
Ключевые слова |
зарубежная литература |
| a |
Ключевые слова |
иностранная литература |
| a |
Ключевые слова |
пьесы |
| a |
Ключевые слова |
радиокомпозиции |
| a |
Ключевые слова |
спектакли |
| a |
Ключевые слова |
тема любви |
| a |
Ключевые слова |
тема природы |
| a |
Ключевые слова |
тема психологии |
| a |
Ключевые слова |
тема семьи |
| a |
Ключевые слова |
тема чуда |
| 686 |
Индексы других классификаций |
__ |
| 2 |
Код системы |
rubbks |
| a |
Классификационный индекс |
85.381.3(2)-7я04 |
| 686 |
Индексы других классификаций |
__ |
| a |
Классификационный индекс |
84(7Сое)6-4я04 |
| 700 |
Автор |
_1 |
| a |
Фамилия |
Нэш |
| b |
Имя |
Р. |
| f |
Даты |
1913-2000 |
| g |
Полное личное имя |
Ричард |
| 4 |
Код отношения |
070 |
| 702 |
Вторичная интеллектуальная ответственность |
_1 |
| a |
Фамилия |
Варпаховский |
| b |
Имя |
Л. |
| 4 |
Код отношения |
Режиссер |
| 4 |
Код отношения |
070 |
| 710 |
Наименование организации. (Первичная ответственность) |
02 |
| a |
Организация/ юрисдикция |
|
| 711 |
Наименование организации. (Альтернативная ответственность) |
02 |
| a |
Организация/ юрисдикция |
Московский драматический театр им. К. С. Станиславского |
| 801 |
Источник записи |
_0 |
| a |
Страна |
ru |
| b |
Организация |
Муниципальное бюджетное учреждение культуры "Централизованная библиотечная система" г. Сургут (Центральная городская библиотека им. А. С. Пушкина) |
| c |
Дата составления |
20170619 |
| g |
Правила каталогизации |
КиК/Апакова |
| 801 |
Источник записи |
_1 |
| a |
Страна |
ru |
| b |
Организация |
Муниципальное бюджетное учреждение культуры "Централизованная библиотечная система" г. Сургут (Центральная городская библиотека им. А. С. Пушкина) |
| c |
Дата составления |
20170619 |
| g |
Правила каталогизации |
КиК/Апакова |
| 852 |
Данные о местонахождении |
__ |
| j |
Шифр хранения |
85.381.3(2)-7я04 |
| i |
Авторский знак |
Н 95 |
| 901 |
Тип документа |
__ |
| t |
Тип документа |
0 |
| 903 |
Характеристики (МАРС) |
__ |
| a |
Дата передачи |
20170619 |
| 969 |
Тип издания |
__ |
| a |
Тип издания |
аудиоспектакль; издание для слепых |
| 990 |
Данные о заказе (DOS) |
__ |
| j |
Количество экземпляров (DOS) |
2 |
| t |
N записи в КСУ для И/У (DOS) |
201706 |